| 000 | 01032nam a2200241 a 4500 | ||
|---|---|---|---|
| 001 | 39531 | ||
| 003 | BD-RjUL | ||
| 005 | 20211209053017.0 | ||
| 008 | 160412m20111999bg ||||e |||| 00| 0 ben d | ||
| 020 |
_a9847020900504 _c: tk. 150.00 |
||
| 035 | _a(BD-RjUL)39644 | ||
| 040 |
_aBD-RjUL _bben _cBD-RjUL |
||
| 041 | _aben | ||
| 082 |
_223 _a823 _bGUM 2011 |
||
| 100 |
_aগুয়েভারা,আর্নেস্তো চে _9121768 |
||
| 245 | 1 | 0 |
_aমোটর সাইকেল ডায়েরি : _bদক্ষিন আমেরিকা ভ্রমণ / _cআর্নেস্তো চে গুয়েভারা,অনুবাদ : আবীর হাসান |
| 260 |
_aঢাকা : _bসন্দেশ, _c১৯৯৯,[৪র্থ মুদ্রণ ২০১১]. |
||
| 300 |
_a১২০ পৃ. ; _c২০ সেমি. |
||
| 650 |
_aইংরেজি উপন্যাস _9121316 |
||
| 650 |
_aEnglish Fiction _9120371 |
||
| 700 |
_aহাসান,আবীর _9121772 |
||
| 942 |
_2ddc _cBK _02 |
||
| 999 |
_c39531 _d39531 |
||